Australian Open Champions - Statistics

General Stats
  • This quiz has been taken 228 times
    200 since last reset
  • The average score is 30 of 37
Answer Stats
Year Player % Correct
2018 Roger Federer
98%
2017 Roger Federer
98%
2010 Roger Federer
98%
2007 Roger Federer
98%
2006 Roger Federer
98%
2004 Roger Federer
98%
2023 Novak Djokovic
97%
2021 Novak Djokovic
97%
2020 Novak Djokovic
97%
2019 Novak Djokovic
97%
2016 Novak Djokovic
97%
2015 Novak Djokovic
97%
2013 Novak Djokovic
97%
2012 Novak Djokovic
97%
2011 Novak Djokovic
97%
2008 Novak Djokovic
97%
2022 Rafael Nadal
96%
2009 Rafael Nadal
96%
1997 Pete Sampras
88%
1994 Pete Sampras
88%
2003 Andre Agassi
87%
2001 Andre Agassi
87%
2000 Andre Agassi
87%
1995 Andre Agassi
87%
2014 Stan Wawrinka
82%
1996 Boris Becker
73%
1991 Boris Becker
73%
1990 Ivan Lendl
64%
1989 Ivan Lendl
64%
2005 Marat Safin
64%
1987 Stefan Edberg
59%
1993 Jim Courier
51%
1992 Jim Courier
51%
1988 Mats Wilander
51%
1999 Jewgeni Kafelnikow
39%
1998 Petr Korda
35%
2002 Thomas Johansson
33%
No matching quizzes found
Score Distribution
Percent of People with Each Score
Percentile by Number Answered
Your Score History
You have not taken this quiz since the last reset